书目信息 |
| 书名: | Left bank | |
| 作者: | Kate Muir | |
| 分册号: | ||
| 分册名: | 出版地: | America |
|
| 出版社: | A Plume book | |
| 出版时间: | 2006 | |
| 页数: | 346p | |
| 开本: | 22cm | |
| 丛书名: | ||
| 中图分类号: | ||
| 科图分类号: | ||
| 其他分类号: | I712.45 | |
| 主题词: | ||
| 电子资源: | ||
| 000 | 00374nam0 2200145 450 | |
| 001 | 202012200693 | |
| 005 | 20121203153859.0 | |
| 008 | 20010101s | |
| 020 | @a978-0-452-28840-9@c$14.00 | |
| 099 | @dI712.45@eK1956 | |
| 245 | 10 | @aLeft bank@cKate Muir |
| 260 | 0 | @aAmerica@bA Plume book@c2006 |
| 300 | @a346p@c22cm | |
| 905 | @b14397 | |
| 905 | @aTSG@dI712.45@eK1956 | |
| Left bank / Kate Muir.-America : A Plume book , 2006 |
| 346p ; 22cm |
| ISBN 978-0-452-28840-9$14.00 |
| ● |
| 相关链接 |
|
|
|
正题名:Left bank
索取号:I712.45/K1956
 
预约/预借
| 序号 | 登录号 | 条形码 | 馆藏地/架位号 | 状态 | 备注 |
| 1 | 14397 | 300143976 | 文学库116/400A自科库 22排2列5层/ [索取号:I712.45/K1956] | 在馆 |